Akılcı tedavi yönünden tıbbi farmakoloji/ (Record no. 68567)
| 000 -BAŞLIK | |
|---|---|
| Sabit Uzunluktaki Kontrol Alanı | 00870nam a22003137a 4500 |
| 001 - KONTROL NUMARASI | |
| Control Dosyası | 0067982 |
| 003 - KONTROL NUMARASI KİMLİĞİ | |
| Kontrol Alanı | KOHA_MİRAKIL |
| 005 - EN SON İŞLEM TARİHİ ve ZAMANI | |
| Kontrol Alanı | 20260207004734.0 |
| 007 - FİZİKSEL TANIM SABİT ALAN - GENEL BİLGİ | |
| Sabit uzunluklu kontrol alanı | ta |
| 008 - SABİT UZUNLUKTAKİ VERİ ÖGELERİ - GENEL BİLGİ | |
| Sabit Alan | 221219b2018 tu |||gr||||#0|||0|tur | |
| 020 ## - ISBN - ULUSLARARASI STANDART KİTAP NUMARASI | |
| Isbn | 9786055270100 |
| 040 ## - KATALOGLAMA KAYNAĞI | |
| Özgün Kataloglama Kurumu | TR-BiSEU |
| Kataloglama Dili | tur |
| Çeviri Kurumu | TR-BiSEU |
| Açıklama Kuralları | rda |
| 041 0# - DİL KODU | |
| Metin ya da ses kaydının dil kodu | tur |
| 044 ## - YAYINLAYAN/ÜRETEN KURULUŞUN ÜLKE KODU | |
| ISO country code | tu |
| 050 ## - SINIFLAMA ve YER NUMARASI | |
| Sınıflama Numarası | RM301.28 |
| Yer Numarası | .K39 2018 |
| 100 1# - KİŞİ ADI | |
| Yazar Adı (Kişi adı) | Kayaalp, Oğuz. |
| 245 1# - ESER ADI BİLDİRİMİ | |
| Başlık | Akılcı tedavi yönünden tıbbi farmakoloji/ |
| Sorumluluk Bildirimi | Oğuz Kayaalp ; Oğuz Kayaalp. |
| 250 ## - BASIM BİLDİRİMİ | |
| Basım Bildirimi | 13. Baskı |
| 264 #1 - ÜRERİM, YAYIN, DAĞITIM ve TELİF BİLDİRİMİ | |
| Yayın yeri | Ankara : |
| Yayınlayan | Pelikan Yayıncılık |
| Yayın tarihi | 2018 |
| 300 ## - FİZİKSEL TANIMLAMA | |
| Sayfa, Cilt vb. | ciltli; resimli; 25 cm |
| 336 ## - İÇERİK TÜRÜ | |
| Content type term | metin |
| Content type code | txt |
| Source | rdacontent |
| 337 ## - MEDYA TÜRÜ | |
| Media type term | aracısız |
| Media type code | n |
| Source | rdamedia |
| 338 ## - TAŞIYICI TÜRÜ | |
| Carrier type term | cilt |
| Carrier type code | nc |
| Source | rdacarrier |
| 500 ## - GENEL NOT | |
| Genel Not | Dizin var. |
| 650 #0 - KONU BAŞLIĞI EK GİRİŞ - KONU TERİMİ | |
| Konusal terim veya coğrafi ad | Farmakoloji. |
| 9 (RLIN) | 46296 |
| 650 #0 - KONU BAŞLIĞI EK GİRİŞ - KONU TERİMİ | |
| Konusal terim veya coğrafi ad | Klinik farmakoloji. |
| 9 (RLIN) | 75262 |
| 907 ## - LOCAL DATA ELEMENT G, LDG (RLIN) | |
| a | Tıp |
| 942 ## - EK GİRİŞ ÖGELERİ (KOHA) | |
| Source of classification or shelving scheme | Library of Congress Classification |
| Koha item type | Book |
| Materyal Türü | Kalıcı Konum | Mevcut Konum | Sınıflandırma Kaynağı | Edinim Bilgisi | Ana Konular | Alt Konular | Yer Numarası | Cilt Bilgisi | Demirbaş Numarası | Fatura Tarihi | Maliyet, Alış Fiyatı | Maliyet, Yenileme Fiyatı | Geri Çekilme Durumu | Kayıp Durumu | Hasarlı Durumu | Kredi için değil | Kayıt Tarih | Toplam Ödünçverme | Son Görülme Tarihi | Son Kontrol Tarihi |
|---|---|---|---|---|---|---|---|---|---|---|---|---|---|---|---|---|---|---|---|---|
| Book | BŞEÜ Tıp Fakültesi Kütüphanesi | BŞEÜ Tıp Fakültesi Kütüphanesi | Library of Congress Classification | Satın | TIP | Tedavi ediciler, Farmakoloji | RM301.28 .K39 2018 | c.2 | 0067982 | 02/02/2026 | 202.55 | 202.55 | Ödünç verilmez | 19/12/2022 | 06/03/2025 | 06/03/2025 |
